Trilogie Nikopol /

Hlavní autor: Bilal, Enki, 1951-
Další autoři: Lázňovský, Michal, 1977-
Jazyk: Čeština
Vydáno: Praha : Argo, 2021
Vydání: První souborné vydání
Edice: Argomiks. Velká řada
Témata:
Fyzický popis: 187 stran : ilustrace (převážně barevné) ; 32 cm
Knihy
Uloženo v:
LEADER 01587nam a2200433 i 4500
001 nkc20213347766
003 CZ PrNK
005 20220128150534.0
007 ta
008 210819s2021 xr a e 6 000 1 cze
015 |a cnb003347766 
020 |a 978-80-257-3483-4  |q (vázáno) :  |c Kč 598,00 
035 |a (OCoLC)1296107672 
040 |a ABG001  |b cze  |d ABA001  |e rda 
041 1 |a cze  |h fre 
072 7 |a 741.52  |x Komiksy. Komiksové adaptace  |2 Konspekt  |9 21 
080 |a 741.52(0:82-321.9)  |2 MRF 
100 1 |a Bilal, Enki,  |d 1951-  |7 xx0006013  |4 aut  |4 ill 
240 1 0 |a Trilogia Nikopol.  |l Česky 
245 1 0 |a Trilogie Nikopol /  |c Enki Bilal ; z francouzského originálu La trilogia Nikopol ... přeložil Michal Lázňovský 
250 |a První souborné vydání 
264 1 |a Praha :  |b Argo,  |c 2021 
300 |a 187 stran :  |b ilustrace (převážně barevné) ;  |c 32 cm 
336 |a text  |b txt  |2 rdacontent 
336 |a statický obraz  |b sti  |2 rdacontent 
337 |a bez média  |b n  |2 rdamedia 
338 |a svazek  |b nc  |2 rdacarrier 
490 1 |a Argomiks. Velká řada ;  |v 25. svazek 
505 0 0 |t Jarmark nesmrtelných --  |t Volavka --  |t Chladný rovník 
655 7 |a sci-fi komiksy  |7 fd1057483  |2 czenas 
655 9 |a science fiction comics  |2 eczenas 
700 1 |a Lázňovský, Michal,  |d 1977-  |7 xx0159708  |4 trl 
830 0 |a Argomiks.  |p Velká řada  |0 s 
910 2 |a BOA001  |b 4-1470.805 
920 |a 4608954  |z ABG001 
990 |a BK 
995 |a 01 
991 |b 202109  |c NOV 
996 6 |b 2610878354  |c 4-1470.805  |l MZK  |r Sklad / do 1 hodiny  |n 1  |p p.v.  |w 001862914  |u 000010  |a 1  |e BOA001  |j MZK50  |s P